সীরাতুন্ নবী : (Record no. 76632)
[ view plain ]
| 000 -LEADER | |
|---|---|
| fixed length control field | 01416nam a22002777a 4500 |
| 001 - CONTROL NUMBER | |
| control field | 76632 |
| 003 - CONTROL NUMBER IDENTIFIER | |
| rucl marc code | BD-RjUL |
| 005 - DATE AND TIME OF LATEST TRANSACTION | |
| control field | 20211209082851.0 |
| 008 - FIXED-LENGTH DATA ELEMENTS--GENERAL INFORMATION | |
| fixed length control field | 191228m19951990bg ||||| |||| 00| 0bben d |
| 020 ## - INTERNATIONAL STANDARD BOOK NUMBER | |
| Terms of availability | : Tk. 115.00 (V-1) |
| Terms of availability | : Tk. 115.00 (V-3) |
| 035 ## - SYSTEM CONTROL NUMBER | |
| System control number | (BD-RjUL)76856 |
| 040 ## - CATALOGING SOURCE | |
| Original cataloging agency | BD-RjUL |
| Language of cataloging | ben |
| Transcribing agency | BD-RjUL |
| Modifying agency | BD-RjUL |
| 041 ## - LANGUAGE CODE | |
| Language code of text/sound track or separate title | ben |
| 082 ## - DEWEY DECIMAL CLASSIFICATION NUMBER | |
| Edition number | 23 |
| Classification number | 297.63 |
| Author mark and year | NUS V-1-3 1990-1995 |
| 100 1# - MAIN ENTRY--PERSONAL NAME | |
| Personal name | নু'মানী, আল্লামা শিবলী |
| 9 (RLIN) | 237032 |
| 245 10 - TITLE STATEMENT | |
| Title | সীরাতুন্ নবী : |
| Remainder of title | ( সাল্লাল্লাহু আলাইহি ওয়া সাল্লাম ) / |
| Statement of responsibility, etc. | মূল: আল্লামা শিবলী নু'মানী ; বঙ্গানুবাদ: এ. কে. এম. ফজলুর রহমান মুনশী |
| 250 ## - EDITION STATEMENT | |
| Edition statement | ২য় সং. |
| 260 ## - PUBLICATION, DISTRIBUTION, ETC. (IMPRINT) | |
| Place of publication, distribution, etc. | ঢাকা : |
| Name of publisher, distributor, etc. | দি / বাংলাদেশ তাজ পাবলিশিং হাউস, |
| Date of publication, distribution, etc. | ১৯৯০-১৯৯৫ |
| 300 ## - PHYSICAL DESCRIPTION | |
| Pagination | খণ্ড ; |
| Size | ২৫ সেমি. |
| 505 0# - FORMATTED CONTENTS NOTE | |
| Formatted contents note | খণ্ড ১-- খণ্ড ৩ -- |
| 600 ## - SUBJECT ADDED ENTRY--PERSONAL NAME | |
| Personal name | হযরত মুহাম্মাদ (সঃ), |
| Dates associated with a name | ৫৭০-৬৩২ |
| General subdivision | জীবনী |
| Personal name | Hazrat Muhammad (SM) |
| Chronological subdivision | 570-632 |
| General subdivision | Biography |
| 700 ## - ADDED ENTRY--PERSONAL NAME | |
| Personal name | মুনশী, এ. কে. এম. ফজলুর রহমান, অনুবাদক |
| 942 ## - ADDED ENTRY ELEMENTS (KOHA) | |
| Source of classification or shelving scheme | Dewey Decimal Classification |
| Koha item type | Books |
| Lost status | Source of classification or shelving scheme | Damaged status | Not for loan | Collection code | Permanent Location | Current Location | Shelving location | Date acquired | Source of acquisition | Cost, normal purchase price | Total Checkouts | Full call number | Date last seen | Copy number | Koha item type |
|---|---|---|---|---|---|---|---|---|---|---|---|---|---|---|---|
| Dewey Decimal Classification | Non-fiction | Central Library, University of Rajshahi | Central Library, University of Rajshahi | 02/07/1995 | Islamic Quran Mahal, Dhaka | 115.00 | B 297.63 NUS V-1 1990 | 28/12/2019 | C-2 | Books | |||||
| Dewey Decimal Classification | Non-fiction | Central Library, University of Rajshahi | Central Library, University of Rajshahi | 02/07/1995 | Islamic Quran Mahal, Dhaka | 115.00 | B 297.63 NUS V-3 1995 | 28/12/2019 | C-2 | Books |